|
|
|
|
| LEADER |
00000nam0a2200000 4500 |
| 001 |
93383 |
| 005 |
20231101213902.0 |
| 010 |
|
|
|a 5947987198
|
| 035 |
|
|
|a (RuTPU)RU\TPU\book\99993
|
| 090 |
|
|
|a 93383
|
| 100 |
|
|
|a 20060329d2006 m y0rusy50 ca
|
| 101 |
0 |
|
|a rus
|
| 102 |
|
|
|a RU
|
| 105 |
|
|
|a y j 001zy
|
| 200 |
1 |
|
|a Паблик рилейшнз
|e учебное пособие для вузов
|f Ф. И. Шарков
|g Международный университет бизнеса и управления
|
| 210 |
|
|
|a Москва
|c Дашков и К
|d 2006
|
| 215 |
|
|
|a 316 с.
|
| 320 |
|
|
|a Глоссарий: с. 293-312.
|
| 330 |
|
|
|a Учебное пособие написано в соответствии с требованиями к обязательному минимуму содержания и уровню подготовки специалиста по циклу ОПД Государственного образовательного стандарта по специальности 350700 "Реклама". В нем раскрывается роль института связей с общественностью в современном обществе, приводятся функции служб и специалистов по связям с общественностью, технология проведения PR-кампаний, а также другая информация. Для студентов, преподавателей высших учебных заведений, начинающих специалистов и опытных PR-менеджеров, а также всех, кто интересуется данной проблемой.
|
| 451 |
|
1 |
|0 (RuTPU)RU\TPU\book\91324
|y 5-88687-165-9
|t Паблик рилейшнз (связи с общественностью)
|o учебное пособие
|f Ф. И. Шарков
|e 2-е изд., испр. и доп.
|c Екатеринбург
|n Деловая книга
|c М.
|n Академический проект
|d 2005
|p 303 с.
|a Шарков, Феликс Изосимович
|
| 451 |
|
1 |
|0 (RuTPU)RU\TPU\book\130344
|y 5-8291-0557-8
|t Паблик рилейшнз
|o учебное пособие
|f Ф. И. Шарков
|g Международный университет бизнеса и управления
|c М.
|n Дашков и К
|d 2007
|p 316 с.
|s Gaudeamus
|a Шарков, Феликс Изосимович
|
| 451 |
|
|
|y 5-91131-246-8
|
| 610 |
1 |
|
|a паблик рилейшнз
|
| 610 |
1 |
|
|a PR
|
| 610 |
1 |
|
|a PR-бизнес
|
| 610 |
1 |
|
|a PR-деятельность
|
| 610 |
1 |
|
|a PR-кампании
|
| 610 |
1 |
|
|a PR-коммуникации
|
| 610 |
1 |
|
|a PR-специалисты
|
| 610 |
1 |
|
|a PR-технологии
|
| 610 |
1 |
|
|a связи с общественностью
|
| 610 |
1 |
|
|a PR-службы
|
| 610 |
1 |
|
|a этика
|
| 610 |
1 |
|
|a информационные технологии
|
| 610 |
1 |
|
|a учебные пособия
|
| 675 |
|
|
|a 659.4(075.8)
|v 3
|
| 700 |
|
1 |
|a Шарков
|b Ф. И.
|g Феликс Изосимович
|
| 712 |
0 |
2 |
|a Международный университет бизнеса и управления
|2 stltpush
|3 (RuTPU)RU\TPU\col\4444
|9 23979
|
| 801 |
|
1 |
|a RU
|b 63413507
|c 20060329
|g PSBO
|
| 801 |
|
2 |
|a RU
|b 63413507
|c 20170330
|g PSBO
|
| 900 |
|
|
|a Теория и практика связей с общественностью
|
| 900 |
|
|
|a Современные гуманитарные технологии
|
| 900 |
|
|
|a Телекоммуникации и компьютерные технологии в связях с общественностью
|
| 942 |
|
|
|c BK
|
| 959 |
|
|
|a 18/20060226
|d 2
|e 138,16
|f АНЛ:1
|f НФ:1
|